<?xml version="1.0" encoding="UTF-8"?>
<record
    xmlns:xsi="http://www.w3.org/2001/XMLSchema-instance"
    xsi:schemaLocation="http://www.loc.gov/MARC21/slim http://www.loc.gov/standards/marcxml/schema/MARC21slim.xsd"
    xmlns="http://www.loc.gov/MARC21/slim">

  <leader>01037nam a2200241 a 4500</leader>
  <controlfield tag="001">41046</controlfield>
  <controlfield tag="003">BD-RjUL</controlfield>
  <controlfield tag="005">20240306123457.0</controlfield>
  <controlfield tag="008">160514r20161983ii ||||| |||| 00| 0 ben d</controlfield>
  <datafield tag="020" ind1=" " ind2=" ">
    <subfield code="a">817612995X</subfield>
  </datafield>
  <datafield tag="020" ind1=" " ind2=" ">
    <subfield code="a">9788129528766</subfield>
  </datafield>
  <datafield tag="035" ind1=" " ind2=" ">
    <subfield code="a">(BD-RjUL)41046</subfield>
  </datafield>
  <datafield tag="040" ind1=" " ind2=" ">
    <subfield code="a">BD-RjUL</subfield>
    <subfield code="b">ben</subfield>
    <subfield code="c">BD-RjUL</subfield>
  </datafield>
  <datafield tag="041" ind1=" " ind2=" ">
    <subfield code="a">ben</subfield>
  </datafield>
  <datafield tag="082" ind1=" " ind2=" ">
    <subfield code="2">23</subfield>
    <subfield code="a">B 891.4414</subfield>
    <subfield code="b">SEB 2016</subfield>
  </datafield>
  <datafield tag="100" ind1=" " ind2=" ">
    <subfield code="a">&#x9B8;&#x9C7;&#x9A8;, &#x9AA;&#x9CD;&#x9B0;&#x9AC;&#x9CB;&#x9A7;&#x99A;&#x9A8;&#x9CD;&#x9A6;&#x9CD;&#x9B0;.</subfield>
    <subfield code="9">118302</subfield>
  </datafield>
  <datafield tag="245" ind1=" " ind2=" ">
    <subfield code="a">&#x9AD;&#x9BE;&#x9B0;&#x9A4;&#x9AA;&#x9A5;&#x9BF;&#x995; &#x9B0;&#x9AC;&#x9C0;&#x9A8;&#x9CD;&#x9A6;&#x9CD;&#x9B0;&#x9A8;&#x9BE;&#x9A5; /</subfield>
    <subfield code="c">&#x9AA;&#x9CD;&#x9B0;&#x9AC;&#x9CB;&#x9A7;&#x99A;&#x9A8;&#x9CD;&#x9A6;&#x9CD;&#x9B0; &#x9B8;&#x9C7;&#x9A8;.</subfield>
  </datafield>
  <datafield tag="260" ind1=" " ind2=" ">
    <subfield code="a">&#x995;&#x9B2;&#x995;&#x9BE;&#x9A4;&#x9BE; :</subfield>
    <subfield code="b">&#x9A6;&#x9C7;'&#x99C; &#x9AA;&#x9BE;&#x9AC;&#x9B2;&#x9BF;&#x9B6;&#x9BF;&#x982; ,</subfield>
    <subfield code="c">&#x9E7;&#x9EF;&#x9EE;&#x9E9; [ &#x9AA;&#x9C1;&#x9A8;&#x9B0;&#x9CD;&#x9AE;&#x9C1;&#x9A6;&#x9CD;&#x9B0;&#x9A3; &#x9E8;&#x9E6;&#x9E6;&#x9E8;,&#x9E8;&#x9E6;&#x9E7;&#x9EC; ]</subfield>
  </datafield>
  <datafield tag="300" ind1=" " ind2=" ">
    <subfield code="a">&#x9E8;&#x9EE;&#x9EE; &#x9AA;&#x9C3;. ;</subfield>
    <subfield code="c">&#x9E8;&#x9E9; &#x9B8;&#x9C7;&#x9AE;&#x9BF;.</subfield>
  </datafield>
  <datafield tag="600" ind1=" " ind2=" ">
    <subfield code="a">&#x9A0;&#x9BE;&#x995;&#x9C1;&#x9B0;, &#x9B0;&#x9AC;&#x9C0;&#x9A8;&#x9CD;&#x9A6;&#x9CD;&#x9B0;&#x9A8;&#x9BE;&#x9A5;</subfield>
    <subfield code="x">&#x9B8;&#x9AE;&#x9BE;&#x9B2;&#x9CB;&#x99A;&#x9A8;&#x9BE; &#x993; &#x9AC;&#x9CD;&#x9AF;&#x9BE;&#x996;&#x9CD;&#x9AF;&#x9BE;</subfield>
    <subfield code="d">&#x9E7;&#x9EE;&#x9EC;&#x9E7;-&#x9E7;&#x9EF;&#x9EA;&#x9E7;</subfield>
    <subfield code="9">7925</subfield>
  </datafield>
  <datafield tag="600" ind1=" " ind2=" ">
    <subfield code="a">Tagore, Rabindranath</subfield>
    <subfield code="d">1861-1941</subfield>
    <subfield code="x">Criticism and interpretation.</subfield>
    <subfield code="9">7926</subfield>
  </datafield>
  <datafield tag="942" ind1=" " ind2=" ">
    <subfield code="2">ddc</subfield>
    <subfield code="c">BK</subfield>
  </datafield>
  <datafield tag="999" ind1=" " ind2=" ">
    <subfield code="c">41046</subfield>
    <subfield code="d">41046</subfield>
  </datafield>
  <datafield tag="952" ind1=" " ind2=" ">
    <subfield code="0">0</subfield>
    <subfield code="1">0</subfield>
    <subfield code="2">ddc</subfield>
    <subfield code="4">0</subfield>
    <subfield code="7">0</subfield>
    <subfield code="8">NFIC</subfield>
    <subfield code="a">RUCL</subfield>
    <subfield code="b">RUCL</subfield>
    <subfield code="c">Stack</subfield>
    <subfield code="d">2006-03-21</subfield>
    <subfield code="e">Paragon,  Dhaka.</subfield>
    <subfield code="g">140.00</subfield>
    <subfield code="l">0</subfield>
    <subfield code="o">B 891.4414 SEB 2002</subfield>
    <subfield code="r">2016-05-14 00:00:00</subfield>
    <subfield code="t">C-2</subfield>
    <subfield code="w">2021-12-09</subfield>
    <subfield code="y">BK</subfield>
  </datafield>
  <datafield tag="952" ind1=" " ind2=" ">
    <subfield code="0">0</subfield>
    <subfield code="1">0</subfield>
    <subfield code="2">ddc</subfield>
    <subfield code="4">0</subfield>
    <subfield code="7">1</subfield>
    <subfield code="8">NFIC</subfield>
    <subfield code="a">RUCL</subfield>
    <subfield code="b">RUCL</subfield>
    <subfield code="c">Reading</subfield>
    <subfield code="d">0000-00-00</subfield>
    <subfield code="e">2006-03-21 </subfield>
    <subfield code="g">140.00</subfield>
    <subfield code="l">0</subfield>
    <subfield code="o">B 891.4414 SEB 2002</subfield>
    <subfield code="r">2017-01-19 00:00:00</subfield>
    <subfield code="t">C-1</subfield>
    <subfield code="w">2017-01-19</subfield>
    <subfield code="y">BK</subfield>
  </datafield>
  <datafield tag="952" ind1=" " ind2=" ">
    <subfield code="0">0</subfield>
    <subfield code="1">0</subfield>
    <subfield code="2">ddc</subfield>
    <subfield code="4">0</subfield>
    <subfield code="7">0</subfield>
    <subfield code="8">NFIC</subfield>
    <subfield code="a">RUCL</subfield>
    <subfield code="b">RUCL</subfield>
    <subfield code="c">GEN</subfield>
    <subfield code="d">2023-05-30</subfield>
    <subfield code="e">Dhaka: Omni Concept</subfield>
    <subfield code="g">450.00</subfield>
    <subfield code="l">0</subfield>
    <subfield code="o">B 891.4414 SEB 2016</subfield>
    <subfield code="r">2023-06-20 00:00:00</subfield>
    <subfield code="t">C-3</subfield>
    <subfield code="w">2023-06-20</subfield>
    <subfield code="y">BK</subfield>
  </datafield>
  <datafield tag="952" ind1=" " ind2=" ">
    <subfield code="0">0</subfield>
    <subfield code="1">0</subfield>
    <subfield code="2">ddc</subfield>
    <subfield code="4">0</subfield>
    <subfield code="7">0</subfield>
    <subfield code="8">NFIC</subfield>
    <subfield code="a">RUCL</subfield>
    <subfield code="b">RUCL</subfield>
    <subfield code="c">GEN</subfield>
    <subfield code="d">2023-05-30</subfield>
    <subfield code="e">Dhaka: Omni Concept</subfield>
    <subfield code="g">450.00</subfield>
    <subfield code="l">0</subfield>
    <subfield code="o">B 891.4414 SEB 2016</subfield>
    <subfield code="r">2023-06-20 00:00:00</subfield>
    <subfield code="t">C-4</subfield>
    <subfield code="w">2023-06-20</subfield>
    <subfield code="y">BK</subfield>
  </datafield>
  <datafield tag="952" ind1=" " ind2=" ">
    <subfield code="0">0</subfield>
    <subfield code="1">0</subfield>
    <subfield code="2">ddc</subfield>
    <subfield code="4">0</subfield>
    <subfield code="7">0</subfield>
    <subfield code="8">NFIC</subfield>
    <subfield code="a">RUCL</subfield>
    <subfield code="b">RUCL</subfield>
    <subfield code="c">GEN</subfield>
    <subfield code="d">2024-02-28</subfield>
    <subfield code="e">Dhaka : Book Finder</subfield>
    <subfield code="g">434.00</subfield>
    <subfield code="l">0</subfield>
    <subfield code="o">B 891.4414 SEB 2016</subfield>
    <subfield code="r">2024-03-06 00:00:00</subfield>
    <subfield code="t">C-5</subfield>
    <subfield code="w">2024-03-06</subfield>
    <subfield code="y">BK</subfield>
  </datafield>
  <datafield tag="952" ind1=" " ind2=" ">
    <subfield code="0">0</subfield>
    <subfield code="1">0</subfield>
    <subfield code="2">ddc</subfield>
    <subfield code="4">0</subfield>
    <subfield code="7">0</subfield>
    <subfield code="8">NFIC</subfield>
    <subfield code="a">RUCL</subfield>
    <subfield code="b">RUCL</subfield>
    <subfield code="c">GEN</subfield>
    <subfield code="d">2024-02-28</subfield>
    <subfield code="e">Dhaka : Book Finder</subfield>
    <subfield code="g">434.00</subfield>
    <subfield code="l">0</subfield>
    <subfield code="o">B 891.4414 SEB 2016</subfield>
    <subfield code="r">2024-03-06 00:00:00</subfield>
    <subfield code="t">C-6</subfield>
    <subfield code="w">2024-03-06</subfield>
    <subfield code="y">BK</subfield>
  </datafield>
  <datafield tag="952" ind1=" " ind2=" ">
    <subfield code="0">0</subfield>
    <subfield code="1">0</subfield>
    <subfield code="2">ddc</subfield>
    <subfield code="4">0</subfield>
    <subfield code="7">0</subfield>
    <subfield code="8">NFIC</subfield>
    <subfield code="a">RUCL</subfield>
    <subfield code="b">RUCL</subfield>
    <subfield code="c">GEN</subfield>
    <subfield code="d">2024-02-28</subfield>
    <subfield code="e">Dhaka : Book Finder</subfield>
    <subfield code="g">434.00</subfield>
    <subfield code="l">0</subfield>
    <subfield code="o">B 891.4414 SEB 2016</subfield>
    <subfield code="r">2024-03-06 00:00:00</subfield>
    <subfield code="t">C-7</subfield>
    <subfield code="w">2024-03-06</subfield>
    <subfield code="y">BK</subfield>
  </datafield>
  <datafield tag="952" ind1=" " ind2=" ">
    <subfield code="0">0</subfield>
    <subfield code="1">0</subfield>
    <subfield code="2">ddc</subfield>
    <subfield code="4">0</subfield>
    <subfield code="7">0</subfield>
    <subfield code="8">NFIC</subfield>
    <subfield code="a">RUCL</subfield>
    <subfield code="b">RUCL</subfield>
    <subfield code="c">GEN</subfield>
    <subfield code="d">2026-02-25</subfield>
    <subfield code="e">Omni Concept, Dhaka</subfield>
    <subfield code="g">490.00</subfield>
    <subfield code="l">0</subfield>
    <subfield code="o">B 891.4414 SEB 2016</subfield>
    <subfield code="r">2026-03-04 00:00:00</subfield>
    <subfield code="t">C-8</subfield>
    <subfield code="w">2026-03-04</subfield>
    <subfield code="y">BK</subfield>
  </datafield>
  <datafield tag="952" ind1=" " ind2=" ">
    <subfield code="0">0</subfield>
    <subfield code="1">0</subfield>
    <subfield code="2">ddc</subfield>
    <subfield code="4">0</subfield>
    <subfield code="7">0</subfield>
    <subfield code="8">NFIC</subfield>
    <subfield code="a">RUCL</subfield>
    <subfield code="b">RUCL</subfield>
    <subfield code="c">GEN</subfield>
    <subfield code="d">2026-02-25</subfield>
    <subfield code="e">Omni Concept, Dhaka</subfield>
    <subfield code="g">490.00</subfield>
    <subfield code="o">B 891.4414 SEB 2016</subfield>
    <subfield code="r">2026-03-04 00:00:00</subfield>
    <subfield code="t">C-9</subfield>
    <subfield code="y">BK</subfield>
  </datafield>
  <datafield tag="952" ind1=" " ind2=" ">
    <subfield code="0">0</subfield>
    <subfield code="1">0</subfield>
    <subfield code="2">ddc</subfield>
    <subfield code="4">0</subfield>
    <subfield code="7">0</subfield>
    <subfield code="8">NFIC</subfield>
    <subfield code="a">RUCL</subfield>
    <subfield code="b">RUCL</subfield>
    <subfield code="c">GEN</subfield>
    <subfield code="d">2026-02-25</subfield>
    <subfield code="e">Omni Concept, Dhaka</subfield>
    <subfield code="g">490.00</subfield>
    <subfield code="o">B 891.4414 SEB 2016</subfield>
    <subfield code="r">2026-03-04 00:00:00</subfield>
    <subfield code="t">C-10</subfield>
    <subfield code="y">BK</subfield>
  </datafield>
  <datafield tag="952" ind1=" " ind2=" ">
    <subfield code="0">0</subfield>
    <subfield code="1">0</subfield>
    <subfield code="2">ddc</subfield>
    <subfield code="4">0</subfield>
    <subfield code="7">0</subfield>
    <subfield code="8">NFIC</subfield>
    <subfield code="a">RUCL</subfield>
    <subfield code="b">RUCL</subfield>
    <subfield code="c">GEN</subfield>
    <subfield code="d">2026-02-25</subfield>
    <subfield code="e">Omni Concept, Dhaka</subfield>
    <subfield code="g">490.00</subfield>
    <subfield code="o">B 891.4414 SEB 2016</subfield>
    <subfield code="r">2026-03-04 00:00:00</subfield>
    <subfield code="t">C-11</subfield>
    <subfield code="y">BK</subfield>
  </datafield>
  <datafield tag="952" ind1=" " ind2=" ">
    <subfield code="0">0</subfield>
    <subfield code="1">0</subfield>
    <subfield code="2">ddc</subfield>
    <subfield code="4">0</subfield>
    <subfield code="7">0</subfield>
    <subfield code="8">NFIC</subfield>
    <subfield code="a">RUCL</subfield>
    <subfield code="b">RUCL</subfield>
    <subfield code="c">GEN</subfield>
    <subfield code="d">2026-02-25</subfield>
    <subfield code="e">Omni Concept, Dhaka</subfield>
    <subfield code="g">490.00</subfield>
    <subfield code="o">B 891.4414 SEB 2016</subfield>
    <subfield code="r">2026-03-04 00:00:00</subfield>
    <subfield code="t">C-12</subfield>
    <subfield code="y">BK</subfield>
  </datafield>
</record>
